Map projections used by the U.S. geological survey

Saved in:
Bibliographic Details
Main Author: Snyder, John Parr 1926-
Format: Book
Language:English
Published: Washington : U.S. G.P.O., 1982
Series:Geological Survey bulletin ; ; 1532
Subjects:
Tags: Add Tag
No Tags, Be the first to tag this record!

MARC

LEADER 00000cam a2200000 i 4500
001 1/2008
008 950807s1982 f eng d
035 |l 10014662 
040 |a GR-MY-UA  |b gre  |e aacr 
041 0 |a eng 
082 0 |a 557.3 
100 1 |a Snyder, John Parr  |d 1926- 
245 1 0 |a Map projections used by the U.S. geological survey /  |c John P. Snyder 
260 |a Washington :   |b U.S. G.P.O.,   |c 1982 
300 |a xiii, 313 p.;  |b ill.;  |c 23 cm 
490 1 |a Geological Survey bulletin  |v ; 1532 
500 |a Folded illustration in pocket 
504 |a Bibliography: p. 303-306. Includes index 
610 2 0 |a Geological Survey (U.S.) 
650 0 0 |a Map projection. 
830 0 |a Geological Survey bulletin ;  |v ; 1532 
852 |a INST  |b LESVOS  |e 19950807  |h 557.3 SNY  |p 005100007550  |q 005100007550  |t BK  |y 0 
909 |a Λ  |b 023999